Vista normal Vista MARC

Entrada Nombre personal

Número de registros utilizados en: 2

001 - NÚMERO DE CONTROL

  • Campo de control: 5784

003 - IDENTIFICADOR DE NÚMERO DE CONTROL

  • Campo de control: OSt

005 - FECHA Y HORA DE LA ULTIMA MODIFICACION

  • Campo de control: 20130928090017.0

008 - ELEMENTOS DE DATOS DE LONGITUD FIJA

  • Campo de longitud fija: 130928|| aca||aabn | a|a d

040 ## - FUENTE DE LA CATALOGACIÓN

  • Agencia original de catalogación: OSt

100 ## - ENCABEZAMIENTO--NOMBRE DE PERSONA

  • Nombre personal: Rovira Sánchez, José

400 ## - TRAZADO VEÁSE--NOMBRE DE PERSONA

  • Nombre personal: Rovira Sánchez, Josep‏

400 ## - TRAZADO VEÁSE--NOMBRE DE PERSONA

  • Nombre personal: Rovira Sánchez, J.‏

400 ## - TRAZADO VEÁSE--NOMBRE DE PERSONA

  • Nombre personal: Rovira i Sánchez, Josep‏

400 ## - TRAZADO VEÁSE--NOMBRE DE PERSONA

  • Nombre personal: Rovira, Josep‏

400 ## - TRAZADO VEÁSE--NOMBRE DE PERSONA

  • Nombre personal: Rovira, José‏

400 ## - TRAZADO VEÁSE--NOMBRE DE PERSONA

  • Nombre personal: Sánchez, Josep Rovira‏

400 ## - TRAZADO VEÁSE--NOMBRE DE PERSONA

  • Nombre personal: Sánchez, Josep Rovira i‏

400 ## - TRAZADO VEÁSE--NOMBRE DE PERSONA

  • Nombre personal: Sánchez, José Rovira‏

400 ## - TRAZADO VEÁSE--NOMBRE DE PERSONA

  • Nombre personal: Rovira, J.‏ ‎
  • Forma completa del nombre: (José)‏

400 ## - TRAZADO VEÁSE--NOMBRE DE PERSONA

  • Nombre personal: Rovira, J.‏ ‎
  • Forma completa del nombre: José Rovira Sánchez‏

400 ## - TRAZADO VEÁSE--NOMBRE DE PERSONA

  • Nombre personal: Rovira, Josep‏ ‎
  • Forma completa del nombre: Rovira Sánchez

670 ## - FUENTE DE DATOS ENCONTRADOS

  • Fuente de citación: Fichero de Autoridades Virtual Internacional, 28-09-2013